Statistiche per Indovina il Film dalla Trama- Anni 2010

Clicka qui per fare il quiz!

Statistiche generali

  • Questo quiz è stato fatto 103 volte
  • Il punteggio medio è 13 su 24

Statistiche sulle risposte

AnnoTramaFilm% Corretto
2013La carriera di un brillante e avido broker subisce uno scossone a causa di eccessi e corruzione.The Wolf of Wall Street
83%
2014Un astronauta affronta un viaggio intergalattico per cercare un pianeta in cui la vita umana possa salvarsi dall'estinzione.Interstellar
81%
2010Nel 2004 un giovane studente di Harvard crea Facebook.The Social Network
80%
2012Un'agenzia governativa segreta assemblea una squadra di eroi per combattere un nemico che minaccia la Terra.Avengers
71%
2016A Los Angeles un'aspirante attrice e un pianista jazz si innamorano e si trovano a condividere sogni, speranze e illusioni. Tra arte e amore.La La Land
69%
2010Un duca, ritrovatosi inaspettatamente sul trono del Regno Unito, deve combattere con un difetto di pronuncia che lo blocca.Il Discorso Del Re
65%
2019I membri di una famiglia povera sudcoreana grazie all'inganno riescono a farsi assumere con mansioni diverse presso una ricca famiglia di Seoul.Parasite
65%
2018Un affermato musicista afroamericano assume un autista italoamericano affinché lo accompagni in tournée.Green Book
64%
2016L'armonia di una città di animali viene messa a repentaglio quando i predatori cominciano ad impazzire. Una giovane poliziotta indaga sul caso.Zootropolis
64%
2013La drammatica storia di un giovane violinista afroamericano rapito e venduto come schiavo nelle piantagioni di cotone.12 Anni Schiavo
62%
2013In un futuro non precisato uno scrittore acquista un sistema operativo vocale dal quale rimane coinvolto sentimentalmente.Lei
60%
2014Un giovane disposto a tutto pur di diventare un formidabile batterista, segue gli insegnamenti estremi di un eccentrico maestro.Whiplash
56%
2017L'incontro tra un adolescente italoamericano e un giovane accademico segna l'inizio di una storia d'amore estiva nell'Italia del nord degli anni '80.Call Me By Your Name
52%
2014Il concierge di un albergo e un impiegato rimangono invischiati nel furto di un dipinto e in un battaglia per una cospicua eredità.Grand Budapest Hotel
50%
2015Un imminente trasloco porta la giovane protagonista a fare i conti con nuove emozioni nella sua testa che la mandano in confusione.Inside Out
50%
2011Un uomo arrotonda il suo stipendio di meccanico e stunt-man del cinema facendo l'autista per criminali.Drive
47%
2019La vita di un uomo che sogna di fare lo stand-up comedian viene segnata da umiliazioni, delusioni e bullismo. La ribellione sembra l'unica via...Joker
45%
2017Una donna affetta da mutismo lavora presso un laboratorio governativo segreto, qui viene a contatto con una creatura frutto di un esperimento.La Forma Dell'Acqua
40%
2014Un ex stella di Hollywood allestisce una commedia teatrale per cercare di dare una scossa alla sua stagnante carriera e far vedere quanto vale.Birdman
35%
2013Un uomo sieropositivo inizia un contrabbando di medicinali illegali per curare la malattia.Dallas Buyers Club
33%
2015Due ribelli in fuga possono forse ristabilire l'ordine in un mondo post-apocalittico desertico dove le persone combattono per sopravvivere.Mad Max: Fury Road
28%
2014La vita di un giovane, raccontata dall'età di 6 anni fino a quella di 18, che si trova fare i conti con le conseguenze della separazione dei genitori.Boyhood
24%
2017Un rinomato stilista raggiunge l'apice della sua carriera arrivando a vestire la famiglia reale britannica, ma dal punto di vista sentimentale qualcosa gli manca.Il Filo Nascosto
21%
2017Una mamma disperata e agguerrita provoca la polizia, totalmente inefficiente, affinché venga fatta giustizia a sua figlia, uccisa mesi prima.Tre Manifesti A Ebbing, Missouri
21%

Distribuzione punteggi

Percentile per numero di risposta

Percentuale di utenti per punteggio

I tuoi punteggi nel tempo

Non hai fatto questo quiz